000 00706nam a2200241 i 4500
001 C2-0309883
003 PPAK
005 20180728101047.0
008 110605s2007 my |||| ||||| | may d
020 _a9789831920800 ; 9831920805
040 _aPPAK
_beng
_cPPAK
_erda
082 0 4 _a928.99230
_223
090 0 0 _a928.99230
_bHAM
_dKMI
100 0 _aHamzah Hamdani,
_eauthor
245 1 0 _aHikayat Abdullah
264 1 _aBatu Caves, Selangor :
_bPTS Fortuna ,
_c2007
300 _av, 391 pages ;
_c20 cm
336 _2rdacontent
_atext
337 _2rdamedia
_aunmediated
338 _2rdacarrier
_avolume
650 1 0 _aAbdullah Abdul Kadir, - Munsyi, 1796-1854. ; Malay literature.
942 _ddc
_cB
999 _c112403
_d112403